书目信息 |
| 题名: |
朝霞
|
|
| 作者: | 尼采 , Nietzsche 著 ;田立年 译 | |
| 分册: | ||
| 出版信息: | 上海 华东师范大学出版社 2007 |
|
| 页数: | 437页 | |
| 开本: | 21cm | |
| 丛书名: | 西方传统经典与解释 | |
| 单 册: | ||
| 中图分类: | B516.47 | |
| 科图分类: | ||
| 主题词: | 哲学思想--德国--近代 , 哲学思想 | |
| 电子资源: | ||
| ISBN: | 978-7-5617-4786-5 | |
| 000 | 01070oam2 2200301 450 | |
| 001 | 012007856029 | |
| 005 | 20070517092930.15 | |
| 010 | @a978-7-5617-4786-5@dCNY29.80 | |
| 100 | @a20070512d2007 km y0chiy0120 ea | |
| 101 | 0 | @achi |
| 102 | @aCN@b310000 | |
| 105 | @ay z 000yy | |
| 106 | @ar | |
| 200 | 1 | @a朝霞@Azhao xia@f尼采(Friedrich Nietzsche)著@Fni cai(Friedrich Nietzsche)zhu@g田立年译@Gtian li nian yi |
| 210 | @a上海@c华东师范大学出版社@d2007 | |
| 215 | @a437页@d21cm | |
| 225 | 2 | @a西方传统经典与解释@e尼采注疏集 |
| 330 | @a本书以“关于道德偏见的思考”为副题,并且其超过五百条的格言和随笔的题目也是围绕着人们放到自身和世界中的东西,围绕人们强加给自己和世界的东西。 | |
| 461 | 0 | @12001 @a西方传统经典与解释 |
| 510 | 1 | @aMorgenrote@zeng |
| 606 | 0 | @a哲学思想@y德国@z近代 |
| 606 | 0 | @a哲学思想 |
| 690 | @aB516.47@v4 | |
| 701 | 1 | @c(德)@a尼采@Ani cai@bF.W.@f(1844~1900)@4著 |
| 701 | 1 | @c(德)@aNietzsche@bFriedrich Wihelm@f(1844~1900)@4著 |
| 702 | 0 | @a田立年@Atian li nian@4译 |
| 801 | 0 | @aCN@bRULIN@c20070517 |
| 905 | @dB516.47@e122@s5 | |
| 朝霞/尼采(Friedrich Nietzsche)著/田立年译.-上海:华东师范大学出版社,2007 |
| 437页;21cm.-(西方传统经典与解释:尼采注疏集) |
| ISBN 978-7-5617-4786-5:CNY29.80 |
| 本书以“关于道德偏见的思考”为副题,并且其超过五百条的格言和随笔的题目也是围绕着人们放到自身和世界中的东西,围绕人们强加给自己和世界的东西。 |
| ● |
| 相关链接 |
|
|
|
|
正题名:朝霞
索取号:B516.47/122
 
预约/预借
| 序号 | 登录号 | 条形码 | 馆藏地/架位号 | 状态 | 备注 |
| 1 | 0573281 | 205732812 | 第一样本阅览室/ [索取号:B516.47/122] | 在馆 | |
| 2 | 0573282 | 205732821 | 第一借阅区/ [索取号:B516.47/122] | 在馆 | |
| 3 | 0573283 | 205732830 | 第一借阅区/ [索取号:B516.47/122] | 在馆 | |
| 4 | 0573284 | 205732849 | 教育系资料室/ [索取号:B516.47/122] | 在馆 | |
| 5 | 0573285 | 205732858 | 教育系资料室/ [索取号:B516.47/122] | 在馆 |